Normal view
MARC view
- Administración de personal
Entry Materia
Number of records used in: 125
001 - NÚMERO DE CONTROL DEL REGISTRO
- campo de control: 487
003 - IDENTIFICADOR DE NUMERO DE CONTROL
- campo de control: UPN
005 - FECHA Y HORA DE LA ÚLTIMA TRANSACCIÓN
- campo de control: 20221103094626.0
008 - DATOS DE LONGITUD FIJA
- campo de control de longitud fija: nabaccnnaabn|||||||||| b |nc|||||d
035 ## - NÚMERO DE CONTROL DEL SISTEMA
- Número de control del sistema: UPN10000000487
040 ## - FUENTE DE LA CATALOGACIÓN
- Lengua de catalogación: spa
- Agencia de transcripción: MX-MxUPN
- Centro catalogador de origen: MX-MxUPN
046 ## - FECHAS CON CODIFICACIÓN ESPECIAL
- Fecha final para contenidos agregados: 221103
150 ## - ENCABEZAMIENTO - TEMÁTICO
- Término de materia o nombre geográfico como elemento inicial: Administración de personal
360 ## - REFERENCIA COMPLEJA DE VÉASE ADEMÁS - MATERIA
- Texto explicativo: Véase también como subdivisión bajo nombres de instituciones y bajo tipos de industrias y organizaciones. Ej.:
- Encabezamiento al que se remite: ESTADOS UNIDOS. ARMADA - ADMINISTRACION DE PERSONAL ; INDUSTRIA MAQUILADORA - ADMINISTRACION DE PERSONAL ; HOSPITALES - ADMINISTRACION DE PERSONAL
450 ## - VÉASE - MATERIA
- Encabezamiento temático: Personal -
- Subdivisión temática general: Administración
550 ## - VÉASE ADEMÁS - MATERIA
- Encabezamiento temático o nombre geográfico como elemento de entrada: PERSONAL -
- Subdivisión temática general: DIRECCION
670 ## - FUENTE EN LA QUE SE LOCALIZARON DATOS
- Cita de la fuente: SHLC
- Información localizada: Personnel management
902 ## - CATALOGADOR
- Catalogador: MMA/071102
